|
|
|
|
| LEADER |
00000cam a2200000 a 4500 |
| 001 |
vtls010506321 |
| 003 |
SK-MaSNL |
| 005 |
20260302021848.0 |
| 008 |
160610s2013 xo da f 000 0 slo |
| 015 |
|
|
|a SNBA2013/06
|
| 020 |
|
|
|a 9788097040031 (brož.)
|
| 035 |
|
|
|a 6728269C-70AA-43B0-870E-9BD9A8215AD6
|
| 035 |
|
|
|a urn:nbn:sk:snk-aml01d
|
| 035 |
|
|
|a urn:nbn:sk:snk-am008o9h
|
| 040 |
|
|
|a SNK
|b slo
|c SNK
|e AACR2
|
| 041 |
1 |
|
|a slo
|h lit
|
| 044 |
|
|
|a xo
|c SK
|
| 072 |
|
7 |
|a 613
|x Hygiena. Ľudské zdravie
|2 konspekt
|
| 080 |
|
|
|a 613
|2 2001
|
| 080 |
|
|
|a 616.1/.9
|2 2001
|
| 080 |
|
|
|a 615.8:615.279
|2 2001
|
| 080 |
|
|
|a 57.017.7
|2 2001
|
| 080 |
|
|
|a 615.838
|2 2001
|
| 080 |
|
|
|a (048.8)
|2 2001
|
| 100 |
1 |
|
|a Laucevičius, Telesforas
|4 aut
|4 ill
|9 666638
|
| 245 |
1 |
0 |
|a Ionizovaná voda
|b zdravie na dosah ruky
|c [text a ilustrácie] Telesforas Laucevičius & Martin Baliga ; [preklad Silvester Iró]
|
| 260 |
|
|
|a [Marianka]
|b ERB Studio
|c 2013
|
| 300 |
|
|
|a 95 s.
|b ilustr., grafy., sch., tab.
|c 21 cm
|
| 505 |
|
|
|a Bibliogr. s. 89
|
| 650 |
0 |
7 |
|a starostlivosť o zdravie
|2 SNKPH
|9 1302
|
| 650 |
0 |
7 |
|a Health care
|2 SNKPHeng
|9 266508
|
| 650 |
0 |
7 |
|a Diseases
|2 SNKPHeng
|9 292071
|
| 650 |
0 |
7 |
|a choroby
|2 SNKPH
|9 837
|
| 650 |
0 |
7 |
|a detoxikácia organizmu
|2 SNKPH
|9 3800
|
| 650 |
0 |
7 |
|a Detoxification (health)
|2 SNKPHeng
|9 324912
|
| 650 |
0 |
7 |
|a katabolizmus
|2 SNKPH
|9 73323
|
| 650 |
0 |
7 |
|a Catabolism
|2 SNKPHeng
|9 666639
|
| 650 |
0 |
7 |
|a Hydrotherapy
|2 SNKPHeng
|9 430135
|
| 650 |
0 |
7 |
|a hydroterapia
|2 SNKPH
|9 4387
|
| 655 |
|
7 |
|a monografie
|2 SNKPH
|9 70139
|
| 655 |
|
7 |
|a Monographs
|2 SNKPHeng
|9 120675
|
| 700 |
1 |
|
|a Baliga, Martin
|4 aut
|9 666640
|
| 700 |
1 |
|
|a Iró, Silvester
|4 trl
|9 666641
|
| 852 |
|
|
|a Štátna vedecká knižnica v Banskej Bystrici
|
| 919 |
|
|
|a 978-80-970400-3-1
|
| 958 |
|
|
|a OP
|
| 958 |
|
|
|a NB
|
| 958 |
|
|
|a MI
|
| 968 |
|
|
|b LITH
|
| 999 |
|
|
|c 1030607
|d 1032537
|
| 952 |
|
|
|a SNK
|b SNK
|y PREZ
|7 0
|p 17A1071331
|o snkSC 154668
|i snk2013/12240
|8 0
|0 0
|1 0
|4 0
|d 2013-05-30
|f 1
|l 0
|r 2025-07-24 00:00:00
|w 2026-02-24
|
| 952 |
|
|
|a SNK
|b SNK
|y VYP
|7 0
|p 17A1071330
|o snkSC 154668 D1
|i snk2013/12241
|8 0
|0 0
|1 0
|4 0
|d 2013-05-30
|l 0
|r 2026-02-24 13:52:49
|w 2026-02-24
|